[Event "Wood Green Invitational"]
[Site "Stafford"]
[Date "2025.03.07"]
[Round "5.2"]
[White "Alexakis, Dimitris"]
[Black "Willow, Jonah B"]
[Result "1-0"]
[WhiteElo "2507"]
[BlackElo "2450"]
[PlyCount "89"]
[EventDate "2025.03.05"]
[EventType "tourn"]
[EventRounds "9"]
[EventCountry "ENG"]
[SourceTitle "BritBase"]
[Source "John Saunders"]
[SourceDate "2025.02.21"]
[SourceVersion "1"]
[SourceVersionDate "2025.02.21"]
[SourceQuality "1"]

1. e4 e6 2. d4 d5 3. Nc3 Nf6 4. Bg5 dxe4 5. Nxe4 Nbd7 6. Nf3 h6 7. Nxf6+ Nxf6 8. Be3 Ng4 9. Qd2 Nxe3 10. fxe3 Be7 11. O-O-O O-O 12. Bd3 c5 13. c3 Qc7 14. Bc2 Rb8 15. Qd3 f5 16. g4 Bf6 17. h4 Qg3 18. g5 Qxf3 19. gxf6 c4 20. Qxc4 b5 21. Qc5 Rxf6 22. Qe5 Rb7 23. Rhg1 Rbf7 24. Rdf1 Qb7 25. Rg3 Qc7 26. Rfg1 Bb7 27. Bb3 Qd7 28. Rg6 Rxg6 29. Rxg6 Bd5 30. Rxe6 Bxb3 31. axb3 Kh7 32. h5 Qd8 33. Qg3 Kg8 34. Rxh6 Qa8 35. Kb1 a5 36. Qg6 Qh1+ 37. Ka2 a4 38. Rh8+ Kxh8 39. Qxf7 axb3+ 40. Kxb3 Qd1+ 41. Kb4 Qe2 42. Qf8+ Kh7 43. Qxf5+ Kh8 44. b3 Qxe3 45. Qe5 1-0

[Event "Wood Green Invitational"]
[Site "Stafford"]
[Date "2025.03.07"]
[Round "5.3"]
[White "Banerjee, Supratit"]
[Black "Ghasi, Ameet K"]
[Result "1/2-1/2"]
[WhiteElo "2250"]
[BlackElo "2505"]
[PlyCount "108"]
[EventDate "2025.03.05"]
[EventType "tourn"]
[EventRounds "9"]
[EventCountry "ENG"]
[SourceTitle "BritBase"]
[Source "John Saunders"]
[SourceDate "2025.02.21"]
[SourceVersion "1"]
[SourceVersionDate "2025.02.21"]
[SourceQuality "1"]

1. e4 d6 2. d4 Nf6 3. Nc3 g6 4. Bf4 a6 5. Qd2 b5 6. f3 Nbd7 7. O-O-O Nb6 8. e5 Nh5 9. Bh6 Ng7 10. exd6 cxd6 11. d5 Bb7 12. a3 Rc8 13. Nh3 Nh5 14. Bxf8 Kxf8 15. g4 Nf6 16. Nf4 Qc7 17. Kb1 Rg8 18. h4 Nfd7 19. Ne4 h6 20. g5 h5 21. Bh3 Nc4 22. Qd4 Nce5 23. Qf2 Rb8 24. Bxd7 Qxd7 25. Nd3 Nc4 26. b3 Bxd5 27. Qd4 Bxe4 28. fxe4 Nxa3+ 29. Kb2 b4 30. Rhf1 Qc7 31. Rf2 Nb5 32. Qxb4 a5 33. Qd2 Kg7 34. Ra1 Rgc8 35. Nf4 Qc3+ 36. Qxc3+ Nxc3 37. Rf3 Nxe4 38. Re3 Nc5 39. Rxa5 e6 40. Ra7 Ra8 41. Rxa8 Rxa8 42. Nd3 Nd7 43. Nf2 Kf8 44. c4 Ke7 45. Nd3 Ra5 46. b4 Rf5 47. Kc3 Rf1 48. c5 dxc5 49. bxc5 Kd8 50. c6 Nb6 51. Kd4 Kc7 52. Ne5 Kd6 53. Rf3 Rd1+ 54. Rd3 Rxd3+ 1/2-1/2

[Event "Wood Green Invitational"]
[Site "Stafford"]
[Date "2025.03.07"]
[Round "5.4"]
[White "Badacsonyi, Stanley"]
[Black "Cornette, Matthieu"]
[Result "1/2-1/2"]
[WhiteElo "2334"]
[BlackElo "2527"]
[PlyCount "68"]
[EventDate "2025.03.05"]
[EventType "tourn"]
[EventRounds "9"]
[EventCountry "ENG"]
[SourceTitle "BritBase"]
[Source "John Saunders"]
[SourceDate "2025.02.21"]
[SourceVersion "1"]
[SourceVersionDate "2025.02.21"]
[SourceQuality "1"]

1. d4 Nf6 2. c4 e6 3. Nc3 Bb4 4. e3 O-O 5. Bd2 d5 6. Nf3 Nbd7 7. Rc1 c6 8. Bd3 Qe7 9. O-O dxc4 10. Bxc4 e5 11. a3 Bd6 12. Qc2 e4 13. Ng5 Nb6 14. Bb3 Bxh2+ 15. Kxh2 Ng4+ 16. Kg1 Qxg5 17. Qxe4 Qh4 18. Qf4 g5 19. Qg3 Qxg3 20. fxg3 Be6 21. Bxe6 fxe6 22. Ne4 h6 23. Rf3 Nd5 24. Re1 e5 25. Nc5 exd4 26. exd4 Rfe8 27. Rff1 b6 28. Nd3 Rad8 29. Ne5 Nxe5 30. dxe5 Re6 31. g4 Rde8 32. Rf5 Ne7 33. Bc3 Nd5 34. Bd2 Ne7 1/2-1/2

[Event "Wood Green Invitational"]
[Site "Stafford"]
[Date "2025.03.07"]
[Round "5.5"]
[White "Harvey, Marcus Ross"]
[Black "Raczek, Krzysztof"]
[Result "1/2-1/2"]
[WhiteElo "2495"]
[BlackElo "2428"]
[PlyCount "153"]
[EventDate "2025.03.05"]
[EventType "tourn"]
[EventRounds "9"]
[EventCountry "ENG"]
[SourceTitle "BritBase"]
[Source "John Saunders"]
[SourceDate "2025.02.21"]
[SourceVersion "1"]
[SourceVersionDate "2025.02.21"]
[SourceQuality "1"]

1. c4 e6 2. Nc3 d5 3. d4 Nf6 4. cxd5 exd5 5. Bg5 Be7 6. e3 h6 7. Bf4 Bf5 8. Qb3 Nc6 9. a3 Na5 10. Qa2 O-O 11. Nf3 Be6 12. Rd1 c6 13. Be2 Ne4 14. O-O Nxc3 15. bxc3 Nc4 16. a4 Bd6 17. Bxd6 Nxd6 18. Ne5 Re8 19. Ra1 Qg5 20. Rfc1 Rad8 21. Bf1 h5 22. Nd3 Bc8 23. Nf4 g6 24. a5 a6 25. c4 dxc4 26. Bxc4 h4 27. Bd3 Bf5 28. Bxf5 Nxf5 29. Nh3 Qf6 30. Rab1 Re7 31. Rc2 Rde8 32. Rf1 Kg7 33. Qa3 Re4 34. Qd3 Nd6 35. Nf4 Nb5 36. g3 hxg3 37. hxg3 Nd6 38. Kg2 Nf5 39. Rc5 Kg8 40. Rh1 R4e7 41. Qd1 Re4 42. Qg4 Kf8 43. Qh3 Nd6 44. Qh6+ Ke7 45. g4 Kd8 46. Rh3 Kc8 47. d5 R4e5 48. Rc2 Rg5 49. dxc6 Nf5 50. cxb7+ Kxb7 51. Qh7 Rxg4+ 52. Kh2 Ka8 53. Ng2 Rf8 54. f4 Qe6 55. Rf2 Qe4 56. Rhf3 Qe8 57. Rh3 Qc6 58. Rhf3 Qf6 59. Rh3 Qe7 60. Re2 Qe4 61. Rf2 Kb7 62. Rhf3 Qe8 63. Rh3 Ka7 64. Rb2 Qe4 65. Rf2 Qd5 66. Rb2 Rb8 67. Rc2 Ka8 68. Rf2 Rf8 69. Rhf3 Qd8 70. Rh3 Qe7 71. Rhf3 Qe8 72. Rh3 Ka7 73. Re2 Qe4 74. Rf2 Qe6 75. Re2 Qc4 76. Rd2 Qe4 77. Rf2 1/2-1/2

[Event "Wood Green Invitational"]
[Site "Stafford"]
[Date "2025.03.07"]
[Round "6.1"]
[White "Gasanov, Eldar"]
[Black "Raczek, Krzysztof"]
[Result "1/2-1/2"]
[WhiteElo "2469"]
[BlackElo "2428"]
[PlyCount "52"]
[EventDate "2025.03.05"]
[EventType "tourn"]
[EventRounds "9"]
[EventCountry "ENG"]
[SourceTitle "BritBase"]
[Source "John Saunders"]
[SourceDate "2025.02.21"]
[SourceVersion "1"]
[SourceVersionDate "2025.02.21"]
[SourceQuality "1"]

1. d4 Nf6 2. c4 e6 3. Nf3 d5 4. Bg5 dxc4 5. Qa4+ Nbd7 6. e3 Be7 7. Bxc4 O-O 8. Qc2 c5 9. O-O h6 10. Bh4 a6 11. dxc5 Bxc5 12. Rd1 b5 13. Be2 Qb6 14. a4 Bb7 15. axb5 axb5 16. Nc3 Rxa1 17. Rxa1 Bc6 18. Rc1 Rb8 19. Bg3 Ra8 20. Bd3 Qb7 21. Qe2 b4 22. Nb5 Bf8 23. Nd6 Qb6 24. Nc4 Qb7 25. Nd6 Qb6 26. Nc4 Qb7 1/2-1/2

[Event "Wood Green Invitational"]
[Site "Stafford"]
[Date "2025.03.07"]
[Round "6.2"]
[White "Cornette, Matthieu"]
[Black "Harvey, Marcus Ross"]
[Result "1-0"]
[WhiteElo "2527"]
[BlackElo "2495"]
[PlyCount "103"]
[EventDate "2025.03.05"]
[EventType "tourn"]
[EventRounds "9"]
[EventCountry "ENG"]
[SourceTitle "BritBase"]
[Source "John Saunders"]
[SourceDate "2025.02.21"]
[SourceVersion "1"]
[SourceVersionDate "2025.02.21"]
[SourceQuality "1"]

1. e4 c6 2. d4 d5 3. e5 Bf5 4. Nd2 e6 5. Nb3 a6 6. Be2 c5 7. Nxc5 Bxc5 8. dxc5 Qa5+ 9. c3 Qxc5 10. Be3 Qc7 11. f4 Ne7 12. Nf3 O-O 13. O-O Nbc6 14. a4 Na5 15. Bf2 h6 16. Rc1 Rac8 17. b3 Be4 18. Nd2 Rfd8 19. Qe1 Bh7 20. b4 Nc4 21. a5 Qb8 22. Nxc4 dxc4 23. Bc5 Rxc5 24. bxc5 Qc7 25. Qf2 Bd3 26. Rfd1 Qxa5 27. Kh1 Rd5 28. Bf3 Qxc5 29. Qxc5 Rxc5 30. Bxb7 a5 31. Kg1 g5 32. fxg5 hxg5 33. Rd2 g4 34. Ra2 Rxe5 35. Rca1 Rb5 36. Ba8 Rb3 37. Rxa5 Nf5 38. Rc1 Kg7 39. Ra2 Nd6 40. Bc6 Rb6 41. Ba4 Ne4 42. Bd1 f5 43. Be2 Rb3 44. Bxd3 cxd3 45. c4 Nc3 46. Rd2 Ne4 47. Rdd1 Kf6 48. c5 Ke7 49. Rc4 e5 50. c6 Kd8 51. c7+ Kc8 52. Ra1 1-0

[Event "Wood Green Invitational"]
[Site "Stafford"]
[Date "2025.03.07"]
[Round "6.3"]
[White "Ghasi, Ameet K"]
[Black "Badacsonyi, Stanley"]
[Result "1-0"]
[WhiteElo "2505"]
[BlackElo "2334"]
[PlyCount "69"]
[EventDate "2025.03.05"]
[EventType "tourn"]
[EventRounds "9"]
[EventCountry "ENG"]
[SourceTitle "BritBase"]
[Source "John Saunders"]
[SourceDate "2025.02.21"]
[SourceVersion "1"]
[SourceVersionDate "2025.02.21"]
[SourceQuality "1"]

1. c4 Nf6 2. g3 g6 3. Bg2 Bg7 4. Nc3 O-O 5. d4 d6 6. h3 c5 7. e3 Nc6 8. Nge2 cxd4 9. exd4 e5 10. Be3 Nxd4 11. Nxd4 exd4 12. Bxd4 Re8+ 13. Kf1 Be6 14. b3 Re7 15. Rc1 Rc8 16. Bf3 b6 17. Kg2 Bd7 18. a4 Ne8 19. Qd2 Bc6 20. Bxc6 Rxc6 21. Nd5 Re6 22. Bxg7 Nxg7 23. Rc3 a6 24. Rd1 g5 25. Rf3 Rc5 26. Qd4 Ne8 27. b4 Rc6 28. Rf5 a5 29. bxa5 bxa5 30. Rb1 Ng7 31. Nf6+ Rxf6 32. Qxf6 Qxf6 33. Rxf6 Ne6 34. Rb7 Nc7 35. Rf5 1-0

[Event "Wood Green Invitational"]
[Site "Stafford"]
[Date "2025.03.07"]
[Round "6.4"]
[White "Willow, Jonah B"]
[Black "Banerjee, Supratit"]
[Result "1-0"]
[WhiteElo "2450"]
[BlackElo "2250"]
[PlyCount "115"]
[EventDate "2025.03.05"]
[EventType "tourn"]
[EventRounds "9"]
[EventCountry "ENG"]
[SourceTitle "BritBase"]
[Source "John Saunders"]
[SourceDate "2025.02.21"]
[SourceVersion "1"]
[SourceVersionDate "2025.02.21"]
[SourceQuality "1"]

1. e4 e6 2. d4 d5 3. e5 c5 4. c3 Nc6 5. Nf3 Qb6 6. a3 Nh6 7. Bd3 cxd4 8. O-O Bd7 9. Bc2 Rc8 10. cxd4 Nf5 11. Bxf5 exf5 12. Nc3 Be6 13. Ne2 Be7 14. b4 a5 15. bxa5 Nxa5 16. Bg5 Bxg5 17. Nxg5 O-O 18. Rb1 Qd8 19. h4 Bd7 20. Nf4 h6 21. Ngh3 Be6 22. Qh5 Qd7 23. Rfd1 Rc3 24. a4 Nc4 25. Nxe6 fxe6 26. Nf4 b6 27. Qg6 Re8 28. a5 Nxa5 29. Rxb6 Rc6 30. Rb5 Ra6 31. Rxd5 Qf7 32. Rc5 Qxg6 33. Nxg6 Nb3 34. Rb5 Ra1 35. Rxa1 Nxa1 36. Rb2 Rd8 37. h5 Kf7 38. Kf1 Ke8 39. Rb7 Rd7 40. Rb8+ Rd8 41. Rb7 Rd7 42. Rb6 Nc2 43. Rxe6+ Kf7 44. d5 Rxd5 45. Re7+ Kg8 46. Rc7 Nb4 47. Ne7+ Kf8 48. Nxd5 Nxd5 49. Rc4 Ke7 50. Ke2 Ke6 51. f4 Kf7 52. g3 g6 53. hxg6+ Kxg6 54. Rc6+ Kg7 55. Rd6 Ne7 56. Rf6 h5 57. Kf2 Kg8 58. Rh6 1-0

[Event "Wood Green Invitational"]
[Site "Stafford"]
[Date "2025.03.07"]
[Round "6.5"]
[White "Olsen, Filip Boe"]
[Black "Alexakis, Dimitris"]
[Result "0-1"]
[WhiteElo "2468"]
[BlackElo "2507"]
[PlyCount "100"]
[EventDate "2025.03.05"]
[EventType "tourn"]
[EventRounds "9"]
[EventCountry "ENG"]
[SourceTitle "BritBase"]
[Source "John Saunders"]
[SourceDate "2025.02.21"]
[SourceVersion "1"]
[SourceVersionDate "2025.02.21"]
[SourceQuality "1"]

1. c4 e5 2. g3 c6 3. d4 Bb4+ 4. Bd2 Bxd2+ 5. Qxd2 d6 6. Nc3 Nf6 7. O-O-O e4 8. f3 exf3 9. exf3 O-O 10. g4 d5 11. h4 Be6 12. c5 b6 13. h5 h6 14. cxb6 axb6 15. Bd3 b5 16. Bc2 c5 17. dxc5 b4 18. Na4 Bd7 19. Nb6 Rxa2 20. Kb1 Ra5 21. g5 hxg5 22. h6 g6 23. Qxg5 Kh8 24. Nxd5 b3 25. Bd3 Nxd5 26. Qxd5 Nc6 27. Qxb3 Qf6 28. Ne2 Rxc5 29. Be4 Rb8 30. Qa3 Rcb5 31. Rxd7 Rxb2+ 32. Kc1 Rxe2 33. Rd6 Qg5+ 34. Kd1 Ne5 35. Rd5 Rxe4 36. fxe4 Qg4+ 37. Kc1 Qf4+ 38. Kd1 Qxe4 39. Rxe5 Qxe5 40. Rh3 Kh7 41. Qd3 Qa1+ 42. Kd2 Rb2+ 43. Ke3 Qe1+ 44. Kf4 Qf2+ 45. Rf3 Qh4+ 46. Ke5 Rb5+ 47. Kd6 Qd8+ 48. Kc6 Rb6+ 49. Kc5 Qc7+ 50. Kd4 Rd6+ 0-1

[Event "Wood Green Invitational"]
[Site "Stafford"]
[Date "2025.03.08"]
[Round "7.1"]
[White "Alexakis, Dimitris"]
[Black "Gasanov, Eldar"]
[Result "1-0"]
[WhiteElo "2507"]
[BlackElo "2469"]
[PlyCount "132"]
[EventDate "2025.03.05"]
[EventType "tourn"]
[EventRounds "9"]
[EventCountry "ENG"]
[SourceTitle "BritBase"]
[Source "John Saunders"]
[SourceDate "2025.02.21"]
[SourceVersion "1"]
[SourceVersionDate "2025.02.21"]
[SourceQuality "1"]

1. e4 e5 2. Nf3 Nc6 3. Bb5 a6 4. Ba4 Nf6 5. O-O Be7 6. Re1 b5 7. Bb3 d6 8. c3 O-O 9. h3 Re8 10. Ng5 Rf8 11. d4 Bb7 12. a3 Na5 13. Bc2 c5 14. Nf3 Nd7 15. Nbd2 exd4 16. cxd4 cxd4 17. Nxd4 g6 18. b4 Bf6 19. Bb2 Nc6 20. Nxc6 Bxc6 21. Bxf6 Qxf6 22. Nb3 Rac8 23. Qd2 d5 24. Rad1 dxe4 25. Bxe4 Bxe4 26. Rxe4 Ne5 27. Qd6 Qxd6 28. Rxd6 Nc4 29. Rxa6 Ra8 30. Rxa8 Rxa8 31. Nd4 Nxa3 32. Re5 Rd8 33. Nc6 Rd1+ 34. Kh2 Rd7 35. Kg3 f6 36. Re3 Nc2 37. Re8+ Kf7 38. Rb8 Na3 39. Rb6 h5 40. h4 Kg7 41. f3 Kh6 42. Nb8 Rf7 43. Na6 Kg7 44. Nc5 Re7 45. Ne4 Rf7 46. Kf4 Rf8 47. g3 Rf7 48. g4 hxg4 49. fxg4 Rf8 50. Nd6 Rd8 51. g5 fxg5+ 52. hxg5 Rf8+ 53. Ke4 Rf1 54. Nxb5 Nc4 55. Rb7+ Kf8 56. Kd5 Ne3+ 57. Ke6 Nc2 58. Nd6 Nd4+ 59. Kd7 Rg1 60. b5 Rd1 61. Rb8+ Kg7 62. Rb6 Nf3 63. Rc6 Nxg5 64. b6 Nf3 65. b7 Ne5+ 66. Kc7 Rb1 1-0

[Event "Wood Green Invitational"]
[Site "Stafford"]
[Date "2025.03.08"]
[Round "7.2"]
[White "Banerjee, Supratit"]
[Black "Olsen, Filip Boe"]
[Result "1/2-1/2"]
[WhiteElo "2250"]
[BlackElo "2468"]
[PlyCount "139"]
[EventDate "2025.03.05"]
[EventType "tourn"]
[EventRounds "9"]
[EventCountry "ENG"]
[SourceTitle "BritBase"]
[Source "John Saunders"]
[SourceDate "2025.02.21"]
[SourceVersion "1"]
[SourceVersionDate "2025.02.21"]
[SourceQuality "1"]

1. e4 c5 2. Nf3 d6 3. d4 cxd4 4. Nxd4 Nf6 5. Nc3 a6 6. Be3 e5 7. Nf3 Nc6 8. Bc4 Be6 9. Bb3 Na5 10. O-O Nxb3 11. axb3 Be7 12. Bg5 Nd7 13. Qd2 h6 14. Bxe7 Kxe7 15. Rfd1 Nf6 16. Qe3 Qc7 17. Rd2 Rhd8 18. Rad1 b5 19. b4 Rac8 20. h3 Qb7 21. Rd3 Rd7 22. Nh4 Rc4 23. Nf5+ Bxf5 24. exf5 Qc6 25. f4 Rxf4 26. Rxd6 Rxd6 27. Qxe5+ Kd7 28. Qxf4 Rxd1+ 29. Nxd1 Qxc2 30. Qd4+ Ke8 31. Ne3 Qe4 32. Qc3 Qb1+ 33. Kh2 Qe4 34. Kg1 Kf8 35. Qc8+ Qe8 36. Qc5+ Qe7 37. Qc8+ Qe8 38. Qc5+ Kg8 39. Qd4 Qe4 40. Qxe4 Nxe4 41. Nd5 Kf8 42. Kf1 Ng3+ 43. Kf2 Nxf5 44. g4 Nd4 45. Nc7 Ke7 46. Nxa6 Kd6 47. Ke3 Ne6 48. h4 Nc7 49. Nc5 Nd5+ 50. Kd4 Nxb4 51. Ne4+ Ke6 52. Nc5+ Kd6 53. Ne4+ Kc6 54. Ng3 g6 55. Ke5 Kd7 56. Kf6 Ke8 57. h5 gxh5 58. gxh5 Nd3 59. Nf5 Nf4 60. Nxh6 Nxh5+ 61. Ke5 f6+ 62. Kd5 Nf4+ 63. Kc5 Nd3+ 64. Kxb5 Nxb2 65. Kc5 Kf8 66. Kd4 Kg7 67. Ng4 f5 68. Ne3 f4 69. Ke4 fxe3 70. Kxe3 1/2-1/2

[Event "Wood Green Invitational"]
[Site "Stafford"]
[Date "2025.03.08"]
[Round "7.3"]
[White "Badacsonyi, Stanley"]
[Black "Willow, Jonah B"]
[Result "0-1"]
[WhiteElo "2334"]
[BlackElo "2450"]
[PlyCount "78"]
[EventDate "2025.03.05"]
[EventType "tourn"]
[EventRounds "9"]
[EventCountry "ENG"]
[SourceTitle "BritBase"]
[Source "John Saunders"]
[SourceDate "2025.02.21"]
[SourceVersion "1"]
[SourceVersionDate "2025.02.21"]
[SourceQuality "1"]

1. d4 Nf6 2. c4 g6 3. Nc3 d5 4. Nf3 Bg7 5. h4 dxc4 6. e4 c5 7. d5 b5 8. h5 Nxh5 9. Nxb5 Qa5+ 10. Nc3 Nd7 11. Bd2 Rb8 12. Qc2 Ba6 13. a4 Qb6 14. Nd1 Qb3 15. Rc1 O-O 16. Qxb3 Rxb3 17. Bc3 Bxc3+ 18. bxc3 Ra3 19. Nd2 Ne5 20. Nb2 Rb8 21. Nbxc4 Bxc4 22. Nxc4 Rxa4 23. Nxe5 Rxe4+ 24. Kd2 Rxe5 25. Bc4 Nf4 26. Rce1 Rxe1 27. Rxe1 Kf8 28. g3 Nxd5 29. Bxd5 Rd8 30. c4 e6 31. Ra1 exd5 32. Rxa7 dxc4+ 33. Kc3 Rd3+ 34. Kxc4 Rd2 35. f4 Rc2+ 36. Kd5 c4 37. Ke5 Kg7 38. Rc7 Re2+ 39. Kd4 Rg2 0-1

[Event "Wood Green Invitational"]
[Site "Stafford"]
[Date "2025.03.08"]
[Round "7.4"]
[White "Harvey, Marcus Ross"]
[Black "Ghasi, Ameet K"]
[Result "1/2-1/2"]
[WhiteElo "2495"]
[BlackElo "2505"]
[PlyCount "109"]
[EventDate "2025.03.05"]
[EventType "tourn"]
[EventRounds "9"]
[EventCountry "ENG"]
[SourceTitle "BritBase"]
[Source "John Saunders"]
[SourceDate "2025.02.21"]
[SourceVersion "1"]
[SourceVersionDate "2025.02.21"]
[SourceQuality "1"]

1. e4 c5 2. Nf3 e6 3. d4 cxd4 4. Nxd4 Nf6 5. Nc3 Nc6 6. Ndb5 Bb4 7. a3 Bxc3+ 8. Nxc3 d5 9. exd5 exd5 10. Bd3 O-O 11. O-O Bg4 12. f3 Bh5 13. Bg5 Qb6+ 14. Kh1 Ne4 15. Nxe4 dxe4 16. Bxe4 Qxb2 17. Qd3 Bg6 18. Rab1 Bxe4 19. fxe4 Qe5 20. Rb5 Qe6 21. Rxb7 Rae8 22. Be3 Rd8 23. Qb3 Qg6 24. Rc7 Ne5 25. Bf4 Qf6 26. Qb5 Ng4 27. Qe2 Qg6 28. Rxa7 Nf6 29. e5 Nd5 30. Bg3 Nc3 31. Qf3 Nb5 32. Ra4 Qxc2 33. Rf4 Nd4 34. Qh5 Qd3 35. Rd1 Qe2 36. Qxe2 Nxe2 37. Rxd8 Rxd8 38. Rf1 Nxg3+ 39. hxg3 Rd5 40. Re1 Kf8 41. Kg1 Ke7 42. Kf2 Ke6 43. a4 Kf5 44. Ra1 Ra5 45. Ra3 Kxe5 46. Ke3 h5 47. Kd3 Kd5 48. Kc3 Kc5 49. Kb3 Ra6 50. Ra1 Rg6 51. Rc1+ Kb6 52. Rc3 Rg4 53. Rf3 g6 54. Rd3 f5 55. Re3 1/2-1/2

[Event "Wood Green Invitational"]
[Site "Stafford"]
[Date "2025.03.08"]
[Round "7.5"]
[White "Raczek, Krzysztof"]
[Black "Cornette, Matthieu"]
[Result "1/2-1/2"]
[WhiteElo "2428"]
[BlackElo "2527"]
[PlyCount "28"]
[EventDate "2025.03.05"]
[EventType "tourn"]
[EventRounds "9"]
[EventCountry "ENG"]
[SourceTitle "BritBase"]
[Source "John Saunders"]
[SourceDate "2025.02.21"]
[SourceVersion "1"]
[SourceVersionDate "2025.02.21"]
[SourceQuality "1"]

1. d4 Nf6 2. c4 e6 3. Nc3 Bb4 4. e3 O-O 5. Bd2 c5 6. a3 Bxc3 7. Bxc3 Ne4 8. Rc1 Nxc3 9. Rxc3 cxd4 10. Qxd4 Nc6 11. Qd6 b6 12. Nf3 Qe7 13. Qxe7 Nxe7 14. Be2 Ba6 1/2-1/2

[Event "Wood Green Invitational"]
[Site "Stafford"]
[Date "2025.03.09"]
[Round "8.1"]
[White "Gasanov, Eldar"]
[Black "Cornette, Matthieu"]
[Result "1-0"]
[WhiteElo "2469"]
[BlackElo "2527"]
[PlyCount "99"]
[EventDate "2025.03.05"]
[EventType "tourn"]
[EventRounds "9"]
[EventCountry "ENG"]
[SourceTitle "BritBase"]
[Source "John Saunders"]
[SourceDate "2025.02.21"]
[SourceVersion "1"]
[SourceVersionDate "2025.02.21"]
[SourceQuality "1"]

1. Nf3 d5 2. g3 Nf6 3. Bg2 e6 4. O-O Be7 5. d3 O-O 6. Nbd2 a5 7. a4 Nc6 8. d4 Ne4 9. c3 f5 10. Ne1 Bd6 11. Nd3 Qf6 12. f3 Nxd2 13. Bxd2 b6 14. e4 Ba6 15. e5 Qf7 16. exd6 Bxd3 17. Re1 cxd6 18. Bf4 Bc4 19. Bxd6 Rfd8 20. Bf4 Ne7 21. Bg5 Rd7 22. Bxe7 Rxe7 23. f4 Rd8 24. Re5 h6 25. Qc2 Rd6 26. Rae1 Rc7 27. R1e3 Ba6 28. Qb3 Kh8 29. Qa3 Rcd7 30. Qa1 Bc4 31. Qd1 Rc7 32. Kh1 Qf6 33. Bf3 Re7 34. b3 Ba6 35. Qe1 Bb7 36. Kg1 Kg8 37. h3 Kf7 38. g4 g6 39. h4 fxg4 40. Bxg4 h5 41. Bd1 Ke8 42. Qg3 Kd7 43. Rg5 Rf7 44. Rf3 Ba6 45. Rf2 Rc6 46. Bc2 Rg7 47. f5 exf5 48. Bxf5+ Kd8 49. Qb8+ Ke7 50. Bd7 1-0

[Event "Wood Green Invitational"]
[Site "Stafford"]
[Date "2025.03.09"]
[Round "8.2"]
[White "Ghasi, Ameet K"]
[Black "Raczek, Krzysztof"]
[Result "1/2-1/2"]
[WhiteElo "2505"]
[BlackElo "2428"]
[PlyCount "53"]
[EventDate "2025.03.05"]
[EventType "tourn"]
[EventRounds "9"]
[EventCountry "ENG"]
[SourceTitle "BritBase"]
[Source "John Saunders"]
[SourceDate "2025.02.21"]
[SourceVersion "1"]
[SourceVersionDate "2025.02.21"]
[SourceQuality "1"]

1. c4 e6 2. g3 d5 3. Bg2 d4 4. Nf3 Nc6 5. O-O Nh6 6. d3 Nf5 7. Nbd2 a5 8. Ne4 h5 9. h4 e5 10. c5 Be7 11. Qa4 Bd7 12. a3 f6 13. Bd2 Qc8 14. Rfc1 O-O 15. Rab1 Ra7 16. Ne1 Nd8 17. Qd1 a4 18. Nc2 Be6 19. Nb4 c6 20. e3 dxe3 21. fxe3 g6 22. Qf3 Nf7 23. Bc3 N7h6 24. Re1 Ng4 25. Rbd1 Bb3 26. Rd2 Qe6 27. Bh3 1/2-1/2

[Event "Wood Green Invitational"]
[Site "Stafford"]
[Date "2025.03.09"]
[Round "8.3"]
[White "Willow, Jonah B"]
[Black "Harvey, Marcus Ross"]
[Result "1-0"]
[WhiteElo "2450"]
[BlackElo "2495"]
[PlyCount "95"]
[EventDate "2025.03.05"]
[EventType "tourn"]
[EventRounds "9"]
[EventCountry "ENG"]
[SourceTitle "BritBase"]
[Source "John Saunders"]
[SourceDate "2025.02.21"]
[SourceVersion "1"]
[SourceVersionDate "2025.02.21"]
[SourceQuality "1"]

1. e4 e6 2. d4 d5 3. e5 c5 4. c3 Qb6 5. Nf3 Nc6 6. a3 c4 7. Nbd2 Na5 8. Rb1 Bd7 9. Be2 O-O-O 10. h4 Kb8 11. h5 Qc7 12. Nf1 Nb3 13. Bf4 h6 14. N1d2 Ba4 15. Nxb3 Ne7 16. O-O Nc6 17. Qc1 cxb3 18. Qe3 Na5 19. Nd2 Qb6 20. Bg3 Bb5 21. f4 Be7 22. f5 Ka8 23. f6 gxf6 24. Bh4 Nc6 25. Bxf6 Rhg8 26. a4 Bxa4 27. Kh2 Bb5 28. Bxe7 Nxe7 29. g4 Rg7 30. Rf6 Ng8 31. Rf4 Qa6 32. Bxb5 Qxb5 33. Rbf1 Rd7 34. Ra1 Qb6 35. Qf2 a6 36. Ra3 Qd8 37. Nxb3 Qg5 38. Nc5 Rc7 39. b4 Kb8 40. b5 Rxc5 41. dxc5 Qxe5 42. Kh3 f5 43. bxa6 Rxg4 44. c6 Rxf4 45. a7+ Kc7 46. a8=Q Rxf2 47. Qxb7+ Kd6 48. Qb8+ 1-0

[Event "Wood Green Invitational"]
[Site "Stafford"]
[Date "2025.03.09"]
[Round "8.4"]
[White "Olsen, Filip Boe"]
[Black "Badacsonyi, Stanley"]
[Result "1/2-1/2"]
[WhiteElo "2468"]
[BlackElo "2334"]
[PlyCount "48"]
[EventDate "2025.03.05"]
[EventType "tourn"]
[EventRounds "9"]
[EventCountry "ENG"]
[SourceTitle "BritBase"]
[Source "John Saunders"]
[SourceDate "2025.02.21"]
[SourceVersion "1"]
[SourceVersionDate "2025.02.21"]
[SourceQuality "1"]

1. c4 Nf6 2. Nc3 g6 3. d4 Bg7 4. e4 d6 5. Be2 O-O 6. Be3 e5 7. d5 Na6 8. g4 Nc5 9. f3 h5 10. g5 Nh7 11. h4 f6 12. gxf6 Bxf6 13. Bf2 Be7 14. Kd2 Rf4 15. Qe1 Bd7 16. Kc2 Na4 17. Nh3 Bxh3 18. Nxa4 Bg2 19. Rg1 Bxf3 20. Bxf3 Rxf3 21. Rxg6+ Kh8 22. Nc3 Qe8 23. Rg2 Qf7 24. Qe2 Rf8 1/2-1/2

[Event "Wood Green Invitational"]
[Site "Stafford"]
[Date "2025.03.09"]
[Round "8.5"]
[White "Alexakis, Dimitris"]
[Black "Banerjee, Supratit"]
[Result "1-0"]
[WhiteElo "2507"]
[BlackElo "2250"]
[PlyCount "51"]
[EventDate "2025.03.05"]
[EventType "tourn"]
[EventRounds "9"]
[EventCountry "ENG"]
[SourceTitle "BritBase"]
[Source "John Saunders"]
[SourceDate "2025.02.21"]
[SourceVersion "1"]
[SourceVersionDate "2025.02.21"]
[SourceQuality "1"]

1. e4 c6 2. d4 d5 3. e5 Bf5 4. Nd2 e6 5. Nb3 Nd7 6. Nf3 Qc7 7. Be2 a6 8. O-O c5 9. c3 Ne7 10. Nxc5 Nxc5 11. dxc5 Qxc5 12. Nd4 Qc7 13. Qa4+ Nc6 14. Nxf5 exf5 15. Bf4 O-O-O 16. b4 Be7 17. b5 axb5 18. Bxb5 d4 19. Rab1 g5 20. Ba6 bxa6 21. Qxa6+ Kd7 22. e6+ fxe6 23. Bxc7 Kxc7 24. cxd4 Rb8 25. Rfc1 Rxb1 26. Qxc6+ 1-0

[Event "Wood Green Invitational"]
[Site "Stafford"]
[Date "2025.03.09"]
[Round "9.1"]
[White "Banerjee, Supratit"]
[Black "Gasanov, Eldar"]
[Result "1/2-1/2"]
[WhiteElo "2250"]
[BlackElo "2469"]
[PlyCount "66"]
[EventDate "2025.03.05"]
[EventType "tourn"]
[EventRounds "9"]
[EventCountry "ENG"]
[SourceTitle "BritBase"]
[Source "John Saunders"]
[SourceDate "2025.02.21"]
[SourceVersion "1"]
[SourceVersionDate "2025.02.21"]
[SourceQuality "1"]

1. e4 c5 2. Nf3 Nc6 3. d4 cxd4 4. Nxd4 Qb6 5. Nb3 e6 6. Nc3 Qc7 7. Be2 a6 8. O-O Nf6 9. f4 d6 10. Bf3 b5 11. Be3 Be7 12. a3 Rb8 13. Qe2 O-O 14. Rad1 b4 15. axb4 Nxb4 16. Rfe1 Bb7 17. Qf2 Ba8 18. h3 Rfe8 19. g4 d5 20. e5 Ne4 21. Bxe4 dxe4 22. Nd4 Bf8 23. Rd2 Rec8 24. Red1 Rd8 25. h4 Rbc8 26. Nb3 Qb8 27. Nd4 Rd7 28. h5 Rcd8 29. g5 Nc6 30. Nxc6 Bxc6 31. Rxd7 Rxd7 32. Rxd7 Bxd7 33. b3 Qb4 1/2-1/2